00671nai a2200169Ia 4500003000900000008004100009022002200050022002300072040001600095245006300111260008600174310001100260362002900271521006900300650003900369856009300408IN-BaIIA211028c9999 xx s 000 0 eng d a2168-0353 (Print) a2168-0361 (Online) cIIA Library 0aIEEE Antennas and Propagation Group Newsletterh[eJournal] aNew York, USAbThe Institute of Electrical and Electronics Engineers, Inc. (IEEE) a3/year a7(1); 1964 - 15(3); 1973 bSubscribed through National Knowledge Resource Consortium (NKRC) aFields, Waves and Electromagnetics uhttps://ieeexplore.ieee.org/servlet/opac?punumber=4545874yClick Here to Access eJournal